000 00812cam a2200265 4500
001 ABS62139
008 000000n2000 000 0 eng u
035 _a(Sirsi) u105461
100 _aSingh, J.
245 _aFungal problems in historic buildings
260 _c2000
490 _aJournal of Architectural Conservation
_v6(1) March 2000, 17037(21)
520 _aExamines how to identify and tackle fungal problems in historic buildings. Bibliography.
590 _aABS
650 _aHISTORIC BUILDINGS
650 0 _aMYCOLOGY
650 _aWET ROT
650 _aBUILT ENVIRONMENT-BUILDING PATHOLOGY-INFESTATION (FUNGAL)-FUNGI-DRY ROT
650 _aFUNGUS
650 _aTIMBER DECAY
650 _aDAMP
650 _aPESTICIDES
690 _aBUILT ENVIRONMENT-BUILDING PATHOLOGY
942 _n0
999 _c63190
_d63190